| 000 | 00396nam a2200169Ia 4500 | ||
|---|---|---|---|
| 008 | 230524s9999 xx 000 0 und d | ||
| 020 | _a9789382618348 | ||
| 082 | _bAMI | ||
| 100 |
_aAmish _941801 |
||
| 245 | 4 | _aThe Oath of The Vayuputras | |
| 250 | _a1 | ||
| 260 |
_aNew Delhi _bWestland _c2013 |
||
| 300 | _a575p; | ||
| 500 | _aQuantity Number: 1 | ||
| 650 | _aMisalliance | ||
| 942 | _cBK | ||
| 999 |
_c56223 _d56223 |
||